Score 0/12 Timer 02:00
0 Plays Today
Clue Word % Correct
Second ... DHANHand
99%
Fourth ... AWLLWall
98.7%
Eleventh ... RHOUHour
96%
Tenth ... DAMNCOMMENTCommandment
89.9%
Sixth ... SNEESSense
89.6%
Seventh ... VAHEENHeaven
88.1%
First ... HOCCIEChoice
86.3%
Twelfth ... THINGNight
77.5%
Fifth ... TENMADMENAmendment
76.1%
Third ... CHIREReich
70.4%
Eighth ... PLATENPlanet
66.8%
Ninth ... GINOLELegion
17.1%

You're not logged in!

Compare scores with friends on all Sporcle quizzes.
OR
Log In

Sporcle TV

Today on Sporcle TV


Watch our educational content, quiz creation guides, and fun videos on Sporcle TV.

Show Comments

Extras

Top Quizzes Today


Score Distribution

Your Account Isn't Verified!

In order to create a playlist on Sporcle, you need to verify the email address you used during registration. Go to your Sporcle Settings to finish the process.

Report this User

Report this user for behavior that violates our Community Guidelines.

Details: